MDQL
is popping MORE tags! Check the
thread
!
Quizzes
Events
Quiz Creation
Community
Videos
Private Events
Remove Ads
Sign In
Join for FREE
Feedback
Dark Mode
Quiz Categories
Sports
Geography
Music
Movies
Television
Just For Fun
Miscellaneous
History
Literature
Language
Science
Gaming
Entertainment
Religion
Holiday
For Kids
Quiz Lab
Recent
Popular Today
Quiz Kudos Today
Editor Picks
Curator Picks
Quizzes by...
Day
Popularity
Type
Ratings
Length
Year
Community
Subscriptions
Recent Discussions
Orange Saloon
Badges
Playlists
Quests
Create
Leaderboards
Showdown
Live 5
Trivia Bingo
Activity
Puzzle Library
Sporcle Events
Private Events
Virtual Trivia
Globe League
Become a Host
Pub Owners
SporcleCon
Opinionation
Our Games
Videos
Blog
Mobile Apps
Partnerships
Remove Ads and Go Orange
Feedback
Sports
Athletes
MLB
NBA
NHL
NFL
Soccer
Sports Teams
WWE
NCAA
Football
Premier League
Basketball
Baseball
Hockey
Golf
Tennis
Cricket
Rugby
Auto Racing
Olympics
World Cup
Sports
Athletes
MLB
NBA
NHL
NFL
Soccer
Sports Teams
WWE
NCAA
Football
Premier League
Basketball
Baseball
Hockey
Golf
Tennis
Cricket
Rugby
Auto Racing
Olympics
World Cup
Random Quiz
Search Sporcle
×
Quiz Lab
Quiz Lab
Sports
Fantasy
Type in answers that appear in a list
Type in answers that appear in a list
Classic
Best Score? Go Orange.
Top 30 Catchers 2015 Stats
Can you name the Top 30 Fantasy Catchers 2015?
By
knames4
10m
30 Questions
56 Plays
56 Plays
56 Plays
Comments
Comments
Give Quiz Kudos
Give Quiz Kudos
-
- Ratings
hide this ad
Replay
Link that replays current quiz
Next Quiz
Link to next quiz in quiz playlist
You Got
0%
They Got
Avg Score
54%
Avg Friend Score
Upgrade to see
Score Distribution
Jump to the score distribution portion of the page
Score
0/30
Timer
10:00
0
Plays Today
Ranking
Player
% Correct
1
Buster Posey
91.1%
9
Yadier Molina
91.1%
8
Brian McCann
87.5%
11
Russell Martin
87.5%
5
Jonathan Lucroy
73.2%
7
Salvador Perez
71.4%
10
Matt Wieters
71.4%
14
Miguel Montero
67.9%
23
Jarrod Saltalamacchia
67.9%
25
Carlos Ruiz
66.1%
26
Alex Avila
64.3%
4
Evan Gattis
60.7%
2
Carlos Santana
58.9%
6
Yan Gomes
58.9%
3
Devin Mesoraco
57.1%
Ranking
Player
% Correct
13
Wilson Ramos
55.4%
16
Travis d'Arnaud
55.4%
15
Yasmani Grandal
51.8%
19
Jason Castro
51.8%
21
Derek Norris
51.8%
12
Wilin Rosario
48.2%
20
Chris Iannetta
48.2%
24
Tyler Flowers
46.4%
17
Mike Zunino
44.6%
22
John Jaso
41.1%
18
Stephen Vogt
28.6%
30
Robinson Chirinos
17.9%
27
Josmil Pinto
14.3%
28
Michael McKenry
7.1%
29
Peter O'Brien
3.6%
Quiz Playlist
Details
Report
Send in Message
Add To Playlist
Classic:
Type in answers that appear in a list
Last Updated: Feb 16, 2017
Quiz Scoreboard
CHALLENGE
Sign Up to Join the Scoreboard
Show All
Scores
Hide
Comments
May contain spoilers
Recently Published
Find the 'City' Movie
by crazypaving
Movies
60s
5x2 Blitz: Bands
by SL_Kpop136
Music
30s
Colored Red Africa Blitz
by spor1
Geography
30s
More to Explore
Quiz From the Vault
Featured Blog Post
14 Easter Pick-up Lines to Find Eggs With
hide this ad
You Might Also Like...
Tags
2015
Catcher
Fantasy
Player
Top 30
Today's Top Quizzes in Sports
Browse Sports
hide this ad
Today's Top Quizzes in Fantasy
Browse Fantasy
Top Contributed Quizzes in Sports
1
Les entraîneurs de l'OM et du PSG au 21e siècle
2
Les meilleurs buteurs des matchs entre le PSG et l’OM
3
Les joueurs passés par le PSG et l'OM
4
Players with Multiple 50 Home Run Seasons
5
2022 World Cup Stars
6
Criteria MLB: Left Handed Sluggers
7
NBA Logic Puzzle 2.0
8
MLB Players with Two .350 Batting Average Seasons
9
Top 10 NHL Goal Scorers of All Time
10
Les joueurs passés par le LOSC et le RC Lens
Explore More
Trending Topics
Anime
NBA
Disney
Marvel
Kpop
Harry Potter
Crossword
Song
NFL
Puzzle
WWE
Soccer
Pokémon
Country
The Office
hide this ad
More By:
knames4
Quiz
Plays
Rating
Category
Featured
Created
MLB 2021 NL Starting Rotations (End of Season)
2,162
5.00
Sports
Apr 7, 2021
HBO Game of Thrones Dead Characters
2,087
3.83
Television
Apr 27, 2015
MLB 2017 Top 10 Highest-Paid Players per Team
1,935
4.17
Sports
Mar 7, 2017
MLB AL Lineups 2018 (end of season)
1,589
5.00
Sports
Mar 28, 2018
MLB NL Lineups 2018 (end of season)
1,514
5.00
Sports
Mar 28, 2018
Go to Creator's Profile
Score Distribution
Quiz Creator Spotlight
knames4
Follow
Send a Message
Quizzes Created
-
Created Quiz Play Count
-
More By This Creator
Popular Quizzes Today
1
Colored Red Africa Blitz
2
Find the 'City' Movie
3
Find the US States - No Outlines Minefield
4
5x2 Blitz: Bands
5
The Countries of the World
6
Find the US States
7
Find the Countries of Europe - No Outlines Minefield
8
US States
More Sports Quizzes
Great Britain at the Olympics
Curator's Pick
Trending Quizzes
Colored Red Europe Blitz I
Colored Red Africa Blitz II
Colored Red Europe Blitz II
Colored Red Europe Blitz III
Colored Red Africa Blitz III
Recently Updated
How Do You Spell That?
pecheneg
Godzilla Movies
pecheneg
Grab Bag: 4-10 Letters
pecheneg
2024 March Madness Bracket
pecheneg
Famous TV Couples
Peacemaker
Champions League XIs: Real Madrid
pecheneg
Largest US Cities 1790-2010
pecheneg
Rides in Walt Disney World
pecheneg
Most Oscar Losses (Acting)
pecheneg
Beyoncé Albums
pecheneg
Trending Topics
Disney
NBA
Marvel
Harry Potter
Crossword
Anime
Kpop
The Office
Song
Puzzle
WWE
NFL
Pokémon
Soccer
Country
Your Account Isn't Verified!
In order to create a playlist on Sporcle, you need to verify the email address you used during registration. Go to your
Sporcle Settings
to finish the process.
Report this User
Report this user for behavior that violates our
Community Guidelines
.
Details:
Send Report
Go to the Sporcle.com Mobile Site →
Comments